| 000 | 00484nam a22001457a 4500 | ||
|---|---|---|---|
| 082 | _aT-271 | ||
| 100 |
_aUsama Khan _936207 |
||
| 245 | _aRevitilization of Pakistan Railways Freight Transportation under CPEC (China Pakistan Economic Corridor) Scenario | ||
| 260 |
_aRisalpur, _bMCE, _c2020. |
||
| 300 |
_a148 pages. _c30 cm. |
||
| 526 |
_a0 _b0 _c0 _dT_271 |
||
| 650 |
_aTransportation Engineering _9854 |
||
| 700 |
_aSupervisor Dr Muhammad Bilal Khurshid _936208 |
||
| 942 |
_2ddc _cBK |
||
| 999 |
_c554461 _d554461 |
||